01342nam a2200337Ia 4500001001200000003000800012006001900020007001500039008004100054010001700095020001500112020002800127040002100155035002100176050002700197082003400224100002700258245007200285260004400357300002200401490005900423504006600482533015200548650002600700650003300726655002900759710001700788830005600805856012600861999001700987ebr10057197CaPaEBRm u cr cn|||||||||960828s1997 enka sb 001 0 eng d z 96043153  z020308179X z0415156173 (alk. paper) aCaPaEBRcCaPaEBR a(OCoLC)56036395414aKNX2484.5b.W55 1997eb04a344.52/04197a347.20441972201 aWilliams, Noel,d1957-14aThe right to life in Japanh[electronic resource] /cNoel Williams. aLondon ;aNew York :bRoutledge,c1997. ax, 170 p. :bill.1 aThe Nissan Institute/Routledge Japanese studies series aIncludes bibliographical references (p. [150]-165) and index. aElectronic reproduction.bPalo Alto, Calif. :cebrary,d2009.nAvailable via World Wide Web.nAccess may be limited to ebrary affiliated libraries. 0aRight to lifezJapan. 0aJapanesexDeathxPhilosophy. 7aElectronic books.2local2 aebrary, Inc. 0aNissan Institute/Routledge Japanese studies series.40uhttp://site.ebrary.com/lib/rucke/Doc?id=10057197zAn electronic book accessible through the World Wide Web; click to view c71437d71437